000 00636nam a2200241Ia 4500
003 OSt
005 20220924123116.0
006 a|||||r|||| 00| 0
007 ta
008 220923b |||||||| |||| 00| 0 san d
024 _a262098
037 _cTextual
040 _aARTS
_cARTS
_bsan
041 _2san
_asan
082 _aO152,1x, L4
100 _aSnatandev
_9191695
245 0 _aMadhurya - manjusha
260 _aMambi
_bSatsahitiya Prakashan Trast India
_c1974
300 _a183p.
_ccm.
650 _aHINDI LITERATURE
_923866
942 _hO152,1x, L4
_cTEXL
_2CC
999 _c414353
_d414353